| 000 | 00963nam a2200301 i 4500 | ||
|---|---|---|---|
| 003 | EG-GICUC | ||
| 005 | 20260121095914.0 | ||
| 008 | 250814s1986 fr a|||f |||| 00| 0 fre d | ||
| 020 | _a2233001605 | ||
| 040 |
_aEG-GiCUC _bfre _cEG-GiCUC _dEG-GiCUC _eRda |
||
| 041 | 0 | _afre | |
| 082 | 0 | 4 |
_221 _a341.48 _bDI |
| 092 | 0 | 4 | _221 |
| 099 | _aLaw1 11 341.48 DI 1986 C1 | ||
| 245 | 0 | 4 | _a Les Dimensions internationales du droit humanitaire/ |
| 264 | 1 |
_aPedone : _aUNESCO : _aInstitut Henry Dunant : _bParis; _c1986. |
|
| 300 |
_a357 page : _billustration ; _c 24 cm. |
||
| 336 |
_2rda contenu _a texte |
||
| 337 |
_2rda medias _aOrdinateur |
||
| 338 |
_2 transporteur rda _a Ressource en ligne |
||
| 504 | _aBibliography: pages 350-357. | ||
| 546 | _aTexte en français | ||
| 650 | 0 | 4 |
_aDroit international public _2qrmak |
| 651 | 1 | _2qrmak | |
| 856 | 4 | 0 | _uhttps://fll.law.cu.edu.eg/fulltext/bks/test.B11-00298pdf |
| 905 | _aSalsabil | ||
| 942 |
_2ddc _cBK _e21 _n0 |
||
| 999 |
_c16366 _d16366 |
||